000 00356cam a22001337a 4500
008 180718b1998 xxu||||| |||| 00| 0 eng d
020 _a8125013067
082 _aB14x54 Sh14
100 _aShah, A.M.
245 _aFamily in India: critical essays
_cby A.M. Shah
260 _aNew Delhi
_bOrient Longman
_c1998
300 _a173p.
650 _aFamily - India.
999 _c400302
_d400302